|
|
|
|
| LEADER |
00000cam a22000004a 4500 |
| 001 |
musev2_43631 |
| 003 |
MdBmJHUP |
| 005 |
20230905044552.0 |
| 006 |
m o d |
| 007 |
cr||||||||nn|n |
| 008 |
151202s2016 kyu o 00 0 eng d |
| 010 |
|
|
|z 2015034443
|
| 020 |
|
|
|a 9780813166872
|
| 020 |
|
|
|z 9780813166148
|
| 040 |
|
|
|a MdBmJHUP
|c MdBmJHUP
|
| 100 |
1 |
|
|a Norris, Mike,
|e author.
|
| 245 |
1 |
0 |
|a Mommy Goose :
|b Rhymes from the Mountains /
|c Mike Norris ; illustrated by Minnie Adkins.
|
| 264 |
|
1 |
|a Lexington :
|b University Press of Kentucky,
|c [2016]
|
| 264 |
|
3 |
|a Baltimore, Md. :
|b Project MUSE,
|c 0000
|
| 264 |
|
4 |
|c ©[2016]
|
| 300 |
|
|
|a 1 online resource (48 pages).
|
| 336 |
|
|
|a text
|b txt
|2 rdacontent
|
| 337 |
|
|
|a computer
|b c
|2 rdamedia
|
| 338 |
|
|
|a online resource
|b cr
|2 rdacarrier
|
| 505 |
0 |
|
|a Front Cover; Title Page; Copyright Page; Dedication; Contents; Epigraph; About Mommy Goose; Hammer and Nail; The Raccoons; Old Doc Hale; Calico Cat; Level Cows; Little Mary; Speckled Hen; Mommy Fell; Lester Frye; Mommy Had to Mop; Lizzie Green; Billy Was Bad; Rooster Can't Crow/Aunt Sal; Little Johnny Hicks; The Kudzu Man; The Rooster/Wake Up, Girls; The Bluebird and Robin; The June Bug; Fiddle It High; Extra Eggs/Benjamin Grimes/I Bit My Tongue/Pray for the Pot; The Boy from Rowdy/Possum and Bear; Penny in the Well/Uncle Ed; Love Me, Love You/Cow's in the Barn/I Know an Old Man
|
| 505 |
0 |
|
|a Nag, Nag, NagClete, the Parakeet/Daddy Hammered; Harlie Creech; The Latch and Keep; Kite/Who, Who, Who?/The Prettiest Sight; Blind Sam Young/The Road/Spring; A Word from Mommy Goose; Tell Me, Mommy Goose (song); About the Author and Illustrator
|
| 588 |
|
|
|a Description based on print version record.
|
| 650 |
|
7 |
|a Animals.
|2 fast
|0 (OCoLC)fst00809468
|
| 650 |
|
7 |
|a JUVENILE FICTION
|x Readers
|x Beginner.
|2 bisacsh
|
| 650 |
|
7 |
|a JUVENILE NONFICTION
|x General.
|2 bisacsh
|
| 650 |
|
0 |
|a Animals
|v Juvenile poetry.
|
| 651 |
|
7 |
|a Appalachian Region.
|2 fast
|0 (OCoLC)fst01240092
|
| 651 |
|
0 |
|a Appalachian Region
|v Juvenile poetry.
|
| 655 |
|
7 |
|a Poetry.
|2 fast
|0 (OCoLC)fst01423828
|
| 655 |
|
7 |
|a Juvenile works.
|2 fast
|0 (OCoLC)fst01411637
|
| 655 |
|
7 |
|a Electronic books.
|2 local
|
| 700 |
1 |
|
|a Adkins, Minnie,
|d 1934-
|e illustrator.
|
| 710 |
2 |
|
|a Project Muse.
|e distributor
|
| 830 |
|
0 |
|a Book collections on Project MUSE.
|
| 856 |
4 |
0 |
|z Texto completo
|u https://projectmuse.uam.elogim.com/book/43631/
|
| 945 |
|
|
|a Project MUSE - Custom Collection
|